| 000 | 00569nam a22001937a 4500 | ||
|---|---|---|---|
| 999 |
_c6264 _d6264 |
||
| 003 | OSt | ||
| 005 | 20191002122502.0 | ||
| 008 | 190829b ||||| |||| 00| 0 eng d | ||
| 020 | _a9780071315685 | ||
| 040 | _cDDC | ||
| 082 | _a302.35 KIN 2012 | ||
| 100 |
_aKinicki, Angelo; Fugate, Mel _912874 |
||
| 245 | _aOrganizational Behavior: key concepts, skills & best practices | ||
| 260 |
_aNew York; _bMcGraw-hill, _c2012 |
||
| 300 |
_axxx,497p; _bcol.ill: _c25.5cm |
||
| 504 | _aGlossary, & index included | ||
| 650 |
_aOrganizational behavior _912875 |
||
| 942 |
_2z _cBOOK |
||